चरण कमलों के दौर में/ (Record no. 202049)
[ view plain ]
| 000 -LEADER | |
|---|---|
| fixed length control field | 00825nam a22001817a 4500 |
| 005 - DATE AND TIME OF LATEST TRANSACTION | |
| control field | 20240410124653.0 |
| 010 ## - LCCN (DPL NO) | |
| LC control number | HIN-127307 |
| 020 ## - INTERNATIONAL STANDARD BOOK NUMBER | |
| Terms of availability | 225.00 |
| International Standard Book Number | 9789392228049 |
| 035 ## - SYSTEM CONTROL NUMBER | |
| System control number | HN-99653 |
| 037 ## - SOURCE OF ACQUISITION | |
| Source of stock number/acquisition | DBAD |
| 082 ## - DEWEY DECIMAL CLASSIFICATION NUMBER | |
| Classification number | 821 |
| 100 ## - MAIN ENTRY--PERSONAL NAME | |
| Personal name | डहेरिया, मोहन कुमार |
| 245 ## - TITLE STATEMENT | |
| Title | चरण कमलों के दौर में/ |
| Statement of responsibility, etc | मोहन कुमार डहेरिया |
| 260 ## - PUBLICATION, DISTRIBUTION, ETC. (IMPRINT) | |
| Place of publication, distribution, etc | पटपड़गंज |
| Name of publisher, distributor, etc | सेतु प्रकाशन प्राइवेट लिमिटेड |
| Date of publication, distribution, etc | 2022 |
| 270 ## - ADDRESS | |
| Address | 305 , प्रियदर्शिनी अपार्टमेंट , पटपड़गंज , |
| City | दिल्ली |
| Postal code | 110092 |
| 300 ## - PHYSICAL DESCRIPTION | |
| Extent | 94पृ; |
| Dimensions | 21 सेमी (सजिल्द) |
| 942 ## - ADDED ENTRY ELEMENTS (KOHA) | |
| Source of classification or shelving scheme | Dewey Decimal Classification |
| Item type | Hindi Books |
| Classification part | 821 |
| Call number suffix | डहेरि |
| Withdrawn status | Lost status | Not for loan | Collection code | Home library | Current library | Date acquired | Source of acquisition | Cost, normal purchase price | Full call number | Barcode | Copy number | Cost, replacement price | Koha item type |
|---|---|---|---|---|---|---|---|---|---|---|---|---|---|
| Non-fiction | Bawana | Bawana | 09/04/2024 | DBAD | 255.00 | 821 डहेरि | HN-99653 | 1 | 255.00 | Hindi Books |
